000 00406nam a2200157Ia 4500
003 LK-CoDNM
008 010623t1927 xxu||||| |||| 00| 1 eng d
040 _aLK-CoDNM
_dLK-CoDNM
_eLK-CoDNM
041 _aeng
080 _a50
_bD2
245 _aUniversity College Magazine
260 _bCeylon University College Union Society
_aColombo
_c1927
300 _b46P,1ill., 23 cm
650 _aClubs
942 _cBK
999 _c93943
_d93943